| 000 | 00418nam a22001577a 4500 | ||
|---|---|---|---|
| 003 | OSt | ||
| 005 | 20130517123608.0 | ||
| 008 | 130517b1998 sp ||||| |||| 00| 0 spa d | ||
| 020 | _a8486792916 | ||
| 040 | _cCDMR | ||
| 245 | 0 | 0 | _aLéxico jurídico para periodistas |
| 260 |
_aValencia _bFundación Universitaria San Pablo C.E.U. _c1998 |
||
| 300 | _a139 p. | ||
| 650 | 0 | 4 |
_93462 _aPeriodisme _xDiccionaris |
| 942 |
_2udc _cMON |
||
| 999 |
_c6280 _d6280 |
||